| 000 | 01502cam a2200397 a 4500 | ||
|---|---|---|---|
| 001 | zpgpl0 b1350277 | ||
| 003 | OCoLC | ||
| 005 | 20250115102840.0 | ||
| 008 | 061109s2007 wiuab b 001 0 eng | ||
| 010 | _a 2006037432 | ||
| 020 | _a9780836880076 (lib. bdg.) | ||
| 020 | _a0836880072 (lib. bdg.) | ||
| 020 | _a9780836880144 (softcover) | ||
| 020 | _a0836880145 (softcover) | ||
| 040 |
_aDLC _cDLC _dBAKER _dBTCTA _dTEF _dDPL _dIG# _dCPP |
||
| 041 | 1 |
_aeng _hspa _aeng |
|
| 050 | 0 | 0 |
_aQL737.M384 _bP6418 2007 |
| 082 | 0 | 0 |
_a599.2/5 _222 |
| 100 | 1 | _aPohl, Kathleen. | |
| 240 | 1 | 0 |
_aKoalas. _lSpanish & English. |
| 245 | 1 | 0 |
_aKoalas / _cby Kathleen Pohl ; [spanish translation, Tatiana Acosta and Guillermo Guti©♭rrez] = Koalas / por Kathleen Pohl. |
| 246 | 3 | 1 | _aKoalos. |
| 260 |
_aMilwaukee, WI : _bWeekly Reader Early Learning Library, _cc2007. |
||
| 300 |
_a24 p. : _bcol. ill., col. map ; _c19 cm. |
||
| 490 | 1 | _aLet's read about animals/Conozcamos a los animales. | |
| 504 | _aIncludes bibliographical references (p. 23) and index. | ||
| 520 | _aLearn about Koalas, where they live and why it is almost always in a tree. | ||
| 546 | _aText in English and Spanish. | ||
| 650 | 0 |
_aKoala _vJuvenile literature. |
|
| 650 | 7 |
_aKoala _vLiteratura juvenil. _2bidex. |
|
| 650 | 1 |
_aSpanish language materials _xBilingual. |
|
| 700 | 1 | _aAcosta, Tatiana. | |
| 700 | 1 | _aGuti©♭rrez, Guillermo. | |
| 800 | 1 |
_aPohl, Kathleen. _tLet's read about animals (Spanish & English) |
|
| 942 | _cBK | ||
| 999 |
_c30149 _d30147 |
||